Κατάλογος Βιβλιοθηκών Mediterranean College

Γιατί η Αγάπη Μετράει (Record no. 5950)

MARC details
000 -LEADER
fixed length control field 01455cam a22001934a 4500
005 - ΗΜΕΡΟΜΗΝΙΑ ΚΑΙ ΩΡΑ ΤΕΛΕΥΤΑΙΑΣ ΕΝΗΜΕΡΩΣΗΣ
Πεδίο ελέγχου 20250605164226.0
008 - FIXED-LENGTH DATA ELEMENTS--GENERAL INFORMATION
Πεδίο ελέγχου σταθερού μήκους 250528s ||||||||||||||||||||||||d
035 ## - SYSTEM CONTROL NUMBER
System control number 20869
020 ## - ISBN
ISBN 9789602199916
040 ## - ΠΗΓΗ ΚΑΤΑΛΟΓΟΓΡΑΦΗΣΗΣ
Φορέας πρωτότυπης καταλογογράφησης MC Athens Campus Library
Γλώσσα καταλογογράφησης Ελληνικά, Μοντέρνα (1453-)
Modifying agency MC Athens Campus Library
Κανόνες περιγραφικής καταλογογράφησης AACR2
245 1# - ΤΙΤΛΟΣ ΚΑΙ ΔΗΛΩΣΗ ΥΠΕΥΘΥΝΟΤΗΤΑΣ
Τίτλος Γιατί η Αγάπη Μετράει
260 ## - PUBLICATION, DISTRIBUTION, ETC.
Name of publisher, distributor, etc. Καλέντης,
Date of publication, distribution, etc. 2016
300 ## - PHYSICAL DESCRIPTION
Extent 464
520 ## - SUMMARY, ETC.
Summary, etc. Το παρόν βιβλίο εξηγεί γιατί η αγάπη παίζει τον κεντρικό ρόλο για την ανάπτυξη του εγκεφάλου. Ευχαριστίες, Εισαγωγή, Τα Θεμέλια: Τα Βρέφη και ο Εγκέφαλος τους, Πίσω στις Απαρχές, Η Οικοδόμηση του Εγκεφάλου, Η Διαβρωτική Επίδραση της Κορτιζόλης, Σαθρά Θεμέλια και οι Συνέπειες τους, Η Προσπάθεια να μην Αισθάνεσαι, Το Μελαγχολικό Μωρό, Χαλασμένη Ψυχή, Ο Βασανισμένος Εαυτός, Το Προπατορικό Αμάρτημα, Οι Πληροφορίες είναι Πολλές και οι Λύσεις Λίγες, ''Αγκάλιασε το Αρκουδάκι αν όλα τα άλλα αποτύχουν'', Ένα Μέλλον Γεννιέται, Βιβλιογραφία.
700 1# - ΠΡΟΣΘΕΤΗ ΑΝΑΓΡΑΦΗ--ΦΥΣΙΚΟ ΠΡΟΣΩΠΟ
Personal name Γκέρχαρντ Σου
9 (RLIN) 6843
942 ## - ADDED ENTRY ELEMENTS (KOHA)
Koha item type Books
Holdings
Τύπος τεκμηρίου Βιβλιοθήκη Τρέχουσα τοποθεσία Barcode Αριθμός εισαγωγής Ημερομηνία απόκτησης Ταξιθετικό σύμβολο Αριθμός αντιτύπου Κατάσταση απόσυρσης Κατάσταση χαμένου Κατάσταση κατεστραμμένου Μη δανεισμός Σύνολο δανεισμών Ημερομηνία τελευταίας εμφάνισης Η τιμή ισχύει από
Books MC Athens Campus Library MC Athens Campus Library 9780000059499 6516 05/06/2025 305.4092 GER 1           05/06/2025 05/06/2025

MC Athens Campus Library
Πατησίων 94 & Κοδριγκτώνος 13, 104 34
Πελλήνης 8 & Πατησίων 107, 112 51
Τ: +30 210 8899600

MC Thessaloniki Campus Library
Ίωνος Δραγούμη 21, 54625 | Ίωνος Δραγούμη 15, 54625
Τ: +30 2310 287779 – Τ: +30 2314 440300